Leonardo's rules of painting : (Record no. 17792)

000 -LEADER
fixed length control field 00935cam a2200277 i 4500
001 - CONTROL NUMBER
control field 3698992
003 - CONTROL NUMBER IDENTIFIER
control field OSt
005 - DATE AND TIME OF LATEST TRANSACTION
control field 20161129114146.0
008 - FIXED-LENGTH DATA ELEMENTS--GENERAL INFORMATION
fixed length control field 790419s1979 nyua 000 0 eng
010 ## - LIBRARY OF CONGRESS CONTROL NUMBER
LC control number 79013220
020 ## - INTERNATIONAL STANDARD BOOK NUMBER
International Standard Book Number 0670424277 :
Terms of availability $10.95
040 ## - CATALOGING SOURCE
Original cataloging agency DLC
Transcribing agency DLC
Modifying agency DLC
050 00 - LIBRARY OF CONGRESS CALL NUMBER
Classification number ND623.L5
Item number B4 1979
082 00 - DEWEY DECIMAL CLASSIFICATION NUMBER
Classification number 759.5
100 1# - MAIN ENTRY--PERSONAL NAME
Personal name Beck, James H.
245 10 - TITLE STATEMENT
Title Leonardo's rules of painting :
Remainder of title an unconventional approach to modern art /
Statement of responsibility, etc. James Beck.
260 ## - PUBLICATION, DISTRIBUTION, ETC. (IMPRINT)
Place of publication, distribution, etc. New York :
Name of publisher, distributor, etc. Viking Press,
Date of publication, distribution, etc. 1979.
300 ## - PHYSICAL DESCRIPTION
Extent 104 p. :
Other physical details ill. (some col.) ;
Dimensions 25 cm.
490 0# - SERIES STATEMENT
Series statement A Studio book
600 00 - SUBJECT ADDED ENTRY--PERSONAL NAME
Personal name Leonardo,
Titles and other words associated with a name da Vinci,
Dates associated with a name 1452-1519.
600 00 - SUBJECT ADDED ENTRY--PERSONAL NAME
Personal name Leonardo,
Titles and other words associated with a name da Vinci,
Dates associated with a name 1452-1519
General subdivision Influence.
650 #0 - SUBJECT ADDED ENTRY--TOPICAL TERM
Topical term or geographic name as entry element Painting
General subdivision Philosophy.
650 #0 - SUBJECT ADDED ENTRY--TOPICAL TERM
Topical term or geographic name as entry element Painting
General subdivision Technique.
906 ## - LOCAL DATA ELEMENT F, LDF (RLIN)
a 7
b cbc
c orignew
d 1
e ocip
f 19
g y-gencatlg
942 ## - ADDED ENTRY ELEMENTS (KOHA)
Source of classification or shelving scheme
Koha item type Hard Covered Materials
Classification part ND 623 .L5B4 1979
Holdings
Withdrawn status Lost status Source of classification or shelving scheme Damaged status Not for loan Home library Current library Shelving location Date acquired Source of acquisition Total Checkouts Full call number Barcode Date last seen Price effective from Koha item type
          MACHAKOS UNIVERSITY LIBRARY MACHAKOS UNIVERSITY LIBRARY Open shelf 29/11/2016 Donation (BFA)   ND 623 .L5B4 1979 28949 29/11/2016 29/11/2016 Hard Covered Materials
© Machakos University Library, Along The Highway, Machakos Wote Rd, Machakos, Kenya P.O. Box 136 - 90100 Machakos - Kenya

Tel: ( +254 ) 723 805829 OR Fax : 044-20353 OR Email: library@mksu.ac.ke